| 000 | 00426nam a22001697a 4500 | ||
|---|---|---|---|
| 005 | 20241023105744.0 | ||
| 008 | 160523b xxu||||| |||| 00| 0 eng d | ||
| 020 | _a978-0-333-77821-0 | ||
| 041 | _aeng | ||
| 082 |
_b4169 _a338.5 |
||
| 100 |
_aKOUTSOYIANNIS, A _91031 |
||
| 245 | _aMODERN MICROECONOMICS [2ND ED.] | ||
| 260 |
_aNew Delhi _bAcademic Faundation _c2009 |
||
| 300 | _a549;P | ||
| 650 | _aManagement | ||
| 942 | _cBK | ||
| 999 |
_c1404 _d1404 |
||